| 000 | 00680nam a2200217 i 4500 | ||
|---|---|---|---|
| 001 | 30782 | ||
| 003 | ES-MaACL | ||
| 005 | 20240426063019.0 | ||
| 007 | t| | ||
| 008 | 030127s1972 fr ||||1| fre d | ||
| 100 | 0 |
_aBartolí, Josep, _d1910-1995 _926150 |
|
| 245 | 1 | 0 |
_aCalibán / _cBartoli. |
| 260 |
_a[París] : _bRuedo Ibérico, _c[1972] |
||
| 300 |
_a219 p. : _bil. ; _c22 cm. |
||
| 594 | _aIlustraciones del autor. | ||
| 651 | 4 |
_aEspaña- _xHistoria- _y1931-1939, II República. _98283 |
|
| 651 | 4 |
_aEspaña- _xHistoria- _y1939-1975, Dictadura. _9167928 |
|
| 710 | 2 |
_aÉditions Ruedo ibérico. _9145333 |
|
| 852 |
_aES-MaACL _jL-3456 |
||
| 999 |
_c30782 _d30782 |
||